Statystyki dla Najpopularniejsze utwory Kizo [18.01.2023.]

Kliknij tutaj aby rozwiązać quiz!

Ogólne statystyki

  • Ten quiz został rozwiązany 209 razy
    (54 od ostatniego zresetowania)
  • Średni wynik to 9 z 20

Statystyki odpowiedzi

OdtworzeniaFeatyNazwa% Poprawnych
60,8 mln-Disney
98%
27,7 mlnTrill PemFitness
68%
31,6 mlnWac TojaNasze lato
66%
25,6 mlnMalik MontanaCzempion
63%
22,1 mlnOkiPogo
59%
16,5 mlnWac TojaLot
56%
9,5 mlnKaz Bałagane, Paris PlatynovMr Gino
56%
23,7 mlnWac TojaLucky Punch
54%
9,9 mlnReto, BorixonCichociemni
46%
24,5 mln-Król balu
46%
14,3 mlnQryToskania
46%
12,1 mlnTymekŻycie jest piękne
46%
11,7 mlnYoung IgiDriftem
39%
14 mlnLubinJeszcze pięć minut
39%
9 mln-Art
29%
12,2 mln-Miasto 24H
27%
10,5 mln-Forma
22%
8,3 mln-OXA
22%
8,5 mln-Myto
20%
7,7 mln-Espresso
17%

Rozkład punktacji

Percentyl według liczby udzielonych odpowiedzi

Procent ludzi z każdym wynikiem

Twoja historia wyników

Nie rozwiązałeś tego quizu od ostatniego zresetowania